[Event "SVK Extraliga 2019-20"]
[Site "Slovakia"]
[Date "2020.03.01"]
[Round "8.8"]
[White "Danada, Tomas"]
[Black "Gazik, Igor"]
[Result "1-0"]
[WhiteElo "2302"]
[BlackElo "2256"]
[Annotator "ChessBase"]
[PlyCount "81"]
[EventDate "2019.10.19"]
[EventType "team-tourn"]
[EventCountry "SVK"]
[SourceTitle "playchess.com"]
[Source "ChessBase"]
[SourceQuality "1"]
[WhiteTeam "Prakovce"]
[BlackTeam "Podhajska"]
[TimeControl "40/5400+30:1800+30"]

1. Nf3 {[%emt 0:00:00]} Nf6 {[%emt 0:01:20]} 2. d4 {[%emt 0:00:00]} g6 {[%emt 0:00:12]} 3. c4 {[%emt 0:01:35]} Bg7 {[%emt 0:01:23]} 4. Nc3 {[%emt 0:00:07]} O-O {[%emt 0:00:04]} 5. e4 {[%emt 0:00:03]} d6 {[%emt 0:00:03]} 6. h3 {[%emt 0:00:07]} Nbd7 {[%emt 0:03:18]} 7. Be3 {[%emt 0:00:19]} e5 {[%emt 0:00:05]} 8. d5 {[%emt 0:00:04]} Nc5 {[%emt 0:03:45]} 9. Nd2 {[%emt 0:00:10]} a5 {[%emt 0:00:03]} 10. g4 {[%emt 0:00:40]} c6 {[%emt 0:00:16]} 11. Be2 {[%emt 0:00:16]} Bd7 {[%emt 0:05:13]} 12. h4 {[%emt 0:01:24]} a4 {[%emt 0:13:32]} 13. g5 {[%emt 0:06:14]} Ne8 {[%emt 0:07:56]} 14. h5 {[%emt 0:02:54]} Qa5 {[%emt 0:04:09]} 15. Rb1 {[%emt 0:00:51]} Nc7 {[%emt 0:00:25]} 16. Kf1 {[%emt 0:10:25]} cxd5 {[%emt 0:15:33]} 17. exd5 {[%emt 0:00:32]} Bf5 {[%emt 0:00:37]} 18. Bxc5 {[%emt 0:00:25]} Qxc5 {[%emt 0:01:20]} 19. Nde4 {[%emt 0:01:59]} Qd4 {[%emt 0:00:50]} 20. Rh4 {[%emt 0:00:20]} Kh8 {[%emt 0:05:32]} 21. h6 {[%emt 0:04:09]} Bxh6 {[%emt 0:09:27]} 22. Rxh6 {[%emt 0:00:33]} f6 {[%emt 0:00:41]} 23. Nxf6 {[%emt 0:08:40]} Rxf6 {[%emt 0:00:33]} 24. gxf6 {[%emt 0:00:06]} Bxb1 {[%emt 0:03:11]} 25. Qxd4 {[%emt 0:00:18]} exd4 {[%emt 0:00:05]} 26. Nxb1 {[%emt 0:00:04]} Rf8 {[%emt 0:00:49]} 27. Rh4 {[%emt 0:00:11]} Rxf6 {[%emt 0:00:04]} 28. Rxd4 {[%emt 0:00:04]} Na6 {[%emt 0:00:07]} 29. Kg2 {[%emt 0:04:32]} Nc5 {[%emt 0:01:12]} 30. Kg3 {[%emt 0:02:16]} g5 {[%emt 0:00:15]} 31. Nc3 {[%emt 0:01:38]} Kg7 {[%emt 0:00:29]} 32. Ne4 {[%emt 0:00:21]} Rh6 {[%emt 0:01:34]} 33. Nxc5 {[%emt 0:00:20]} dxc5 {[%emt 0:00:01]} 34. Re4 {[%emt 0:00:44]} Rb6 {[%emt 0:00:11]} 35. Bd1 {[%emt 0:01:20]} Rxb2 {[%emt 0:00:40]} 36. Bxa4 {[%emt 0:00:06]} Rxa2 {[%emt 0:00:15]} 37. d6 {[%emt 0:00:38]} Rxa4 {[%emt 0:04:35]} 38. d7 {[%emt 0:00:05]} Ra3+ {[%emt 0:00:04]} 39. Re3 {[%emt 0:00:04]} Ra8 {[%emt 0:00:11]} 40. Re8 {[%emt 0:00:03]} Ra3+ {[%emt 0:00:07]} 41. Kg2 {[%emt 0:30:06]} 1-0

[Event "SVK Extraliga 2019-20"]
[Site "Slovakia"]
[Date "2020.03.01"]
[Round "8.8"]
[White "Federic, Pavol"]
[Black "Nadzamova, Viktoria"]
[Result "*"]
[WhiteElo "2120"]
[BlackElo "1960"]
[Annotator "ChessBase"]
[PlyCount "30"]
[EventDate "2019.10.19"]
[EventType "team-tourn"]
[EventCountry "SVK"]
[SourceTitle "playchess.com"]
[Source "ChessBase"]
[SourceQuality "1"]
[WhiteTeam "Modra"]
[BlackTeam "Kosice"]
[TimeControl "40/5400+30:1800+30"]

1. e4 {[%emt 0:00:00]} e5 {[%emt 0:00:00]} 2. Nf3 {[%emt 0:00:00]} Nc6 {[%emt 0:00:00]} 3. Bb5 {[%emt 0:00:00]} a6 {[%emt 0:00:00]} 4. Ba4 {[%emt 0:00:00]} Nf6 {[%emt 0:00:00]} 5. O-O {[%emt 0:00:13]} Nxe4 {[%emt 0:00:00]} 6. Re1 {[%emt 0:00:06]} Nc5 {[%emt 0:00:00]} 7. Bxc6 {[%emt 0:01:19]} dxc6 {[%emt 0:00:00]} 8. Rxe5+ {[%emt 0:01:21]} Ne6 {[%emt 0:00:22]} 9. d4 {[%emt 0:01:06]} Bd6 {[%emt 0:00:16]} 10. Re1 {[%emt 0:00:47]} O-O {[%emt 0:00:16]} 11. c4 {[%emt 0:01:23]} c5 {[%emt 0:01:54]} 12. d5 {[%emt 0:00:39]} Nf4 {[%emt 0:00:11]} 13. Nc3 {[%emt 0:00:44]} Bf5 {[%emt 0:05:40]} 14. Ne4 {[%emt 0:03:54]} Re8 {[%emt 0:01:25]} 15. Bxf4 {[%emt 0:06:23]} Bxe4 {[%emt 0:01:20]} *

[Event "SVK Extraliga 2019-20"]
[Site "Slovakia"]
[Date "2020.03.01"]
[Round "8.8"]
[White "Pcola st., Jaroslav"]
[Black "Kovacik, Emil"]
[Result "1/2-1/2"]
[WhiteElo "2076"]
[BlackElo "2117"]
[Annotator "ChessBase"]
[PlyCount "92"]
[EventDate "2019.10.19"]
[EventType "team-tourn"]
[EventCountry "SVK"]
[SourceTitle "playchess.com"]
[Source "ChessBase"]
[SourceQuality "1"]
[WhiteTeam "Snina"]
[BlackTeam "Dubnica"]
[TimeControl "40/5400+30:1800+30"]

1. e4 {[%emt 0:00:00]} e6 {[%emt 0:00:00]} 2. d4 {[%emt 0:00:00]} d5 {[%emt 0:00:00]} 3. Nc3 {[%emt 0:01:18]} Bb4 {[%emt 0:00:22]} 4. Nge2 {[%emt 0:01:52]} dxe4 {[%emt 0:01:34]} 5. a3 {[%emt 0:01:00]} Be7 {[%emt 0:00:22]} 6. Nxe4 {[%emt 0:00:40]} Nf6 {[%emt 0:00:15]} 7. Nxf6+ {[%emt 0:01:12]} Bxf6 {[%emt 0:00:15]} 8. Be3 {[%emt 0:00:29]} O-O {[%emt 0:00:29]} 9. Ng3 {[%emt 0:10:52]} c5 {[%emt 0:03:41]} 10. dxc5 {[%emt 0:06:16]} Bxb2 {[%emt 0:00:58]} 11. Qxd8 {[%emt 0:00:51]} Rxd8 {[%emt 0:00:03]} 12. Rb1 {[%emt 0:01:05]} Bc3+ {[%emt 0:00:32]} 13. Ke2 {[%emt 0:00:24]} Nc6 {[%emt 0:08:47]} 14. Ne4 {[%emt 0:03:02]} Ba5 {[%emt 0:06:51]} 15. Kf3 {[%emt 0:17:15]} Ne5+ {[%emt 0:09:27]} 16. Kg3 {[%emt 0:02:11]} f5 {[%emt 0:06:48]} 17. Nd6 {[%emt 0:06:30]} Bc7 {[%emt 0:11:13]} 18. Bg5 {[%emt 0:04:44]} Bxd6 {[%emt 0:08:43]} 19. Bxd8 {[%emt 0:00:47]} Bxc5 {[%emt 0:00:05]} 20. Be2 {[%emt 0:04:54]} Bd6 {[%emt 0:10:28]} 21. Kh3 {[%emt 0:05:04]} Nf7 {[%emt 0:04:29]} 22. Rhd1 {[%emt 0:02:18]} Bxa3 {[%emt 0:02:14]} 23. Ra1 {[%emt 0:07:44]} Bc5 {[%emt 0:00:42]} 24. f4 {[%emt 0:01:25]} e5 {[%emt 0:14:14]} 25. Bc4 {[%emt 0:04:13]} exf4 {[%emt 0:01:05]} 26. Bg5 {[%emt 0:02:16]} Kf8 {[%emt 0:02:46]} 27. Bxf4 {[%emt 0:01:19]} Be7 {[%emt 0:00:03]} 28. Kg3 {[%emt 0:03:52]} g5 {[%emt 0:02:13]} 29. Bc7 {[%emt 0:02:05]} f4+ {[%emt 0:00:16]} 30. Kf2 {[%emt 0:03:21]} Bg4 {[%emt 0:00:29]} 31. Be2 {[%emt 0:01:05]} Bxe2 {[%emt 0:00:58]} 32. Kxe2 {[%emt 0:00:06]} Rc8 {[%emt 0:00:07]} 33. Ba5 {[%emt 0:00:31]} Rxc2+ {[%emt 0:00:10]} 34. Rd2 {[%emt 0:00:15]} Rxd2+ {[%emt 0:01:23]} 35. Bxd2 {[%emt 0:00:09]} Bc5 {[%emt 0:00:26]} 36. h4 {[%emt 0:01:32]} h6 {[%emt 0:00:00]} 37. hxg5 {[%emt 0:00:35]} hxg5 {[%emt 0:00:22]} 38. Rb1 {[%emt 0:03:09]} b6 {[%emt 0:00:34]} 39. Bb4 {[%emt 0:00:54]} Bxb4 {[%emt 0:02:01]} 40. Rxb4 {[%emt 0:00:03]} Nd6 {[%emt 0:03:19]} 41. g3 {[%emt 0:02:47]} fxg3 {[%emt 0:08:03]} 42. Rg4 {[%emt 0:00:16]} Ke7 {[%emt 0:01:42]} 43. Rxg5 {[%emt 0:00:45]} Ke6 {[%emt 0:00:17]} 44. Rxg3 {[%emt 0:02:02]} Kd5 {[%emt 0:00:43]} 45. Kd3 {[%emt 0:01:59]} Kc5 {[%emt 0:02:24]} 46. Rg4 {[%emt 0:03:13]} b5 {[%emt 0:08:27] Ke4} 1/2-1/2

[Event "SVK Extraliga 2019-20"]
[Site "Slovakia"]
[Date "2020.03.01"]
[Round "8.8"]
[White "Magat, Jozef"]
[Black "Striskova, Lucia"]
[Result "1/2-1/2"]
[WhiteElo "2037"]
[BlackElo "1649"]
[Annotator "ChessBase"]
[PlyCount "82"]
[EventDate "2019.10.19"]
[EventType "team-tourn"]
[EventCountry "SVK"]
[SourceTitle "playchess.com"]
[Source "ChessBase"]
[SourceQuality "1"]
[WhiteTeam "Dunajov"]
[BlackTeam "Bratislava"]
[TimeControl "40/5400+30:1800+30"]

1. d4 {[%emt 0:00:00]} Nf6 {[%emt 0:00:00]} 2. Nf3 {[%emt 0:00:00]} g6 {[%emt 0:00:02]} 3. c4 {[%emt 0:00:42]} Bg7 {[%emt 0:00:07]} 4. Nc3 {[%emt 0:00:06]} O-O {[%emt 0:00:10]} 5. e4 {[%emt 0:00:33]} d6 {[%emt 0:00:17]} 6. h3 {[%emt 0:00:15]} c5 {[%emt 0:02:34]} 7. d5 {[%emt 0:01:04]} e6 {[%emt 0:01:10]} 8. Bd3 {[%emt 0:03:47]} exd5 {[%emt 0:02:55]} 9. cxd5 {[%emt 0:00:51]} a6 {[%emt 0:03:49]} 10. a4 {[%emt 0:00:44]} Re8 {[%emt 0:00:45]} 11. O-O {[%emt 0:02:58]} Nbd7 {[%emt 0:00:35]} 12. Bg5 {[%emt 0:06:10]} Qc7 {[%emt 0:02:54]} 13. Re1 {[%emt 0:11:45]} Ne5 {[%emt 0:04:15]} 14. Nxe5 {[%emt 0:02:22]} Rxe5 {[%emt 0:00:19]} 15. Bf4 {[%emt 0:10:15]} Re8 {[%emt 0:01:01]} 16. Qd2 {[%emt 0:02:03]} Bd7 {[%emt 0:03:11]} 17. a5 {[%emt 0:10:17]} Re7 {[%emt 0:15:24]} 18. Bc4 {[%emt 0:04:36]} Rae8 {[%emt 0:00:28]} 19. e5 {[%emt 0:12:32]} Nh5 {[%emt 0:05:14]} 20. exd6 {[%emt 0:01:38]} Rxe1+ {[%emt 0:01:35]} 21. Rxe1 {[%emt 0:00:07]} Rxe1+ {[%emt 0:05:49]} 22. Qxe1 {[%emt 0:00:05]} Qc8 {[%emt 0:10:15]} 23. Bg5 {[%emt 0:08:58]} f6 {[%emt 0:04:19]} 24. Bh4 {[%emt 0:02:30]} Bf8 {[%emt 0:01:31]} 25. Ne4 {[%emt 0:05:30]} f5 {[%emt 0:00:48]} 26. Ng3 {[%emt 0:05:35]} Bxd6 {[%emt 0:01:33]} 27. Nxh5 {[%emt 0:00:18]} gxh5 {[%emt 0:00:09]} 28. Qc3 {[%emt 0:01:01]} Qe8 {[%emt 0:04:23]} 29. Bg5 {[%emt 0:01:29]} Qe5 {[%emt 0:04:27]} 30. Qxe5 {[%emt 0:03:43]} Bxe5 {[%emt 0:00:07]} 31. Be3 {[%emt 0:01:27]} Bd6 {[%emt 0:00:36]} 32. h4 {[%emt 0:00:32]} Kf7 {[%emt 0:00:30]} 33. g3 {[%emt 0:00:13]} Bb5 {[%emt 0:01:33]} 34. Bb3 {[%emt 0:00:33]} Bd3 {[%emt 0:01:29]} 35. Bd1 {[%emt 0:01:06]} Kg6 {[%emt 0:00:52]} 36. Bf4 {[%emt 0:01:02]} Bxf4 {[%emt 0:01:08]} 37. gxf4 {[%emt 0:00:01]} Be4 {[%emt 0:04:16]} 38. d6 {[%emt 0:00:34]} Bc6 {[%emt 0:00:24]} 39. Bf3 {[%emt 0:01:01]} Kf6 {[%emt 0:00:25]} 40. d7 {[%emt 0:00:45]} Ke7 {[%emt 0:00:20]} 41. Bxh5 {[%emt 0:30:40]} Kxd7 {[%emt 0:30:13]} 1/2-1/2

[Event "SVK Extraliga 2019-20"]
[Site "Slovakia"]
[Date "2020.03.01"]
[Round "8.8"]
[White "Nadzamova, Viktoria"]
[Black "Federic, Pavol"]
[Result "0-1"]
[WhiteElo "1960"]
[BlackElo "2120"]
[Annotator "NA"]
[PlyCount "60"]
[EventDate "2019.10.19"]
[EventType "team-tourn"]
[EventCountry "SVK"]
[SourceTitle "playchess.com"]
[Source "ChessBase"]
[SourceQuality "1"]
[WhiteTeam "Kosice"]
[BlackTeam "Modra"]
[TimeControl "40/5400+30:1800+30"]

1. e4 {[%emt 0:00:00]} e5 {[%emt 0:00:00]} 2. Nf3 {[%emt 0:00:00]} Nc6 {[%emt 0:00:00]} 3. Bb5 {[%emt 0:00:00]} a6 {[%emt 0:00:00]} 4. Ba4 {[%emt 0:00:00]} Nf6 {[%emt 0:00:00]} 5. O-O {[%emt 0:00:13]} Nxe4 {[%emt 0:00:00]} 6. Re1 {[%emt 0:00:06]} Nc5 {[%emt 0:00:00]} 7. Bxc6 {[%emt 0:01:19]} dxc6 {[%emt 0:00:00]} 8. Rxe5+ {[%emt 0:01:21] C80: Open Ruy Lopez: Sidelines and 9 Nbd2.} Ne6 {[%emt 0:00:22]} 9. d4 {[%emt 0:01:06]} Bd6 {[%emt 0:00:16]} 10. Re1 {[%emt 0:00:47]} O-O {[%emt 0:00:16]} 11. c4 {[%emt 0:01:23] [#]} c5 $146 {[%emt 0:01:54]} ({Predecessor:} 11... b6 12. Nc3 Bb7 13. Ne4 Bf4 14. Bxf4 Nxf4 15. Qd2 Ng6 16. c5 Bc8 17. Rac1 b5 {1-0 (55) Grima Crespo,E (2030)-Illan Garcia,F (2005) Castelldefels 2001}) 12. d5 {[%emt 0:00:39]} Nf4 {[%emt 0:00:11]} 13. Nc3 {[%emt 0:00:44]} Bf5 {[%emt 0:05:40]} 14. Ne4 {[%emt 0:03:54]} Re8 {[%emt 0:01:25]} 15. Bxf4 {[%emt 0:06:23]} Bxe4 {[%emt 0:01:20]} 16. Bxd6 {[%emt 0:00:20]} Qxd6 {[%emt 0:02:15]} 17. Ng5 {[%emt 0:05:45]} Bg6 {[%emt 0:00:50]} 18. Qf3 {[%emt 0:02:01]} Re5 {[%emt 0:04:24]} 19. Qg3 {[%emt 0:04:09]} Rae8 {[%emt 0:03:53]} 20. f4 {[%emt 0:00:27]} R5e7 {[%emt 0:03:26]} 21. Rxe7 {[%emt 0:04:08]} Qxe7 {[%emt 0:00:21]} 22. Nf3 {[%emt 0:02:24]} Qe3+ {[%emt 0:02:59]} 23. Kh1 {[%emt 0:04:02]} Re4 {[%emt 0:03:23]} 24. Re1 {[%emt 0:01:06]} Qd3 {[%emt 0:00:20]} 25. b3 {[%emt 0:05:16]} h6 {[%emt 0:02:57]} 26. Qf2 {[%emt 0:01:32]} Rxf4 {[%emt 0:03:53]} 27. Qxc5 {[%emt 0:00:47]} Be4 {[%emt 0:00:37]} 28. Ng1 {[%emt 0:10:38]} Rg4 {[%emt 0:07:01]} 29. Re2 {[%emt 0:03:11]} Rxg2 {[%emt 0:00:55]} 30. Rxg2 {[%emt 0:03:02] [#]} Qf1 {[%emt 0:00:07] Pin} 0-1

[Event "SVK Extraliga 2019-20"]
[Site "Slovakia"]
[Date "2020.09.04"]
[Round "9"]
[White "Navara, David"]
[Black "Nayhebaver, Martin"]
[Result "1-0"]
[WhiteElo "2719"]
[BlackElo "2476"]
[Annotator "TA"]
[PlyCount "101"]
[EventDate "2019.10.19"]
[EventType "team-tourn"]
[EventCountry "SVK"]
[SourceTitle "playchess.com"]
[Source "ChessBase"]
[SourceQuality "1"]
[WhiteTeam "Snina"]
[BlackTeam "Zilina"]

{[%evp 16,101,25,11,16,4,20,23,13,8,24,0,25,0,16,12,14,8,11,11,20,0,16,23,24,20,23,15,17,8,14,0,28,27,21,15,6,5,7,6,125,24,23,24,25,25,25,22,19,20,20,19,21,21,60,60,181,177,173,193,166,172,166,170,264,256,422,475,449,401,847,654,820,739,812,772,7482,8387,8719,7482,7450,6143,6420,6003,5185,3835,1382,1361]} 1. d4 Nf6 2. c4 e6 3. Nc3 Bb4 4. e3 O-O 5. Bd3 c5 6. Nf3 d5 7. cxd5 cxd4 8. exd4 exd5 9. O-O h6 {B14: Caro-Kann: Panov-Botvinnik Attack with 5...e6 and 5...g6.} 10. h3 $5 {[%mdl 4] Leaves trodden paths.} Nc6 11. Bf4 Re8 {White has an edge.} 12. Nb5 {aiming for Nc7.} Ba5 13. Nd6 Re7 14. Nxc8 Qxc8 15. Rc1 Bc7 16. Be5 {Bxf6 is the strong threat.} Bxe5 17. Nxe5 Rc7 18. Bb1 Ne7 19. Qd2 Rxc1 20. Rxc1 Qd8 21. Qb4 Rc8 22. Re1 $36 {[%mdl 2048] Black is under pressure.} Qc7 23. Qa3 a6 24. g3 Re8 25. Ng4 Nxg4 26. hxg4 Qd7 27. Kg2 Nc8 (27... Kf8 $11 {keeps the balance.}) 28. Re5 (28. Rxe8+ $1 $16 Qxe8 29. Qa5) 28... Rxe5 $11 29. dxe5 g6 30. Qc5 Ne7 31. Qd6 Qxd6 32. exd6 {[%mdl 4096] Endgame KB-KN} Nc6 33. a3 Kf8 34. Ba2 d4 35. Kf3 Ne5+ {This move loses the game for Black.} (35... Ke8 $14) 36. Ke4 $18 Nxg4 37. f3 Nf6+ 38. Kxd4 Ke8 {[#]} 39. a4 $1 b6 (39... a5 {was worth a try.} 40. Bc4 Nd7) 40. Bc4 a5 $2 (40... Kd7 {might work better.} 41. Bxf7 Kxd6) 41. Bb5+ Kd8 {[#] intending ...Nh5.} 42. Ke5 $1 {[%cal Re5f6]} Nh7 (42... Nh5 $142 43. g4 Ng3) 43. f4 {White is clearly winning.} g5 44. Bc4 gxf4 45. gxf4 h5 46. Bxf7 h4 47. Be6 Nf8 48. Bh3 Nd7+ 49. Kd5 Nf6+ 50. Kc6 Ne4 51. f5 {Accuracy: White = 90%, Black = 67%.} 1-0

[Event "SVK Extraliga 2019-20"]
[Site "Slovakia"]
[Date "2020.09.04"]
[Round "9"]
[White "Balogh, Csaba"]
[Black "Motuz, Karol"]
[Result "1-0"]
[WhiteElo "2580"]
[BlackElo "2348"]
[Annotator "TA"]
[PlyCount "119"]
[EventDate "2019.10.19"]
[EventType "team-tourn"]
[EventCountry "SVK"]
[SourceTitle "playchess.com"]
[Source "ChessBase"]
[SourceQuality "1"]
[WhiteTeam "Modra"]
[BlackTeam "Dubnica"]

{[%evp 9,119,9,39,35,29,37,33,22,27,10,62,48,63,61,50,10,19,-5,-8,-12,-31,-16,-18,-15,9,5,18,16,16,0,79,0,0,0,-12,-5,0,0,0,-21,-22,-32,16,26,64,56,63,0,0,0,0,0,0,0,0,0,81,0,0,0,0,0,0,0,0,0,0,0,0,0,84,73,73,73,97,73,76,67,82,76,83,64,73,73,87,73,73,73,73,73,73,73,110,73,29966,29967,29967,29968,29968,29969,29969,29968,29969,29969,29972,29971,29973,29973,29970,29974,29973,29973]} 1. e4 e6 2. d4 d5 3. Nd2 Be7 4. c3 c5 5. dxc5 Bxc5 6. Bd3 {C03: French Tarrasch: Unusual Black 3rd moves.} Nc6 7. Ngf3 Nf6 8. Qe2 {White is slightly better.} O-O 9. O-O h6 (9... Bb6 $11) 10. e5 $14 Nd7 11. Nb3 Bb6 {[#]} 12. Bf4 $146 ({Predecessor:} 12. Nbd4 Re8 13. Bc2 Nf8 14. Be3 Bc7 15. Nxc6 bxc6 16. b4 f6 17. Bd4 f5 18. a4 {1-0 (28) Schneider,V (2306)-Varga,K (2210) Kisvarda 2012}) 12... f6 {White must now prevent ...fxe5.} 13. exf6 Qxf6 14. Bd6 e5 $1 15. Bxf8 Nxf8 16. Nfd2 e4 17. Bc2 {Black should prevent c4.} Ng6 18. Nxe4 dxe4 19. Qxe4 Nce7 (19... Nge7 $11 {keeps the balance.}) 20. Rae1 (20. Rad1 $16) 20... Bd7 $1 $11 21. Nd4 ({But not} 21. Qxb7 $2 Bc6 $19) 21... Bxd4 22. cxd4 ({Of course not} 22. Qxd4 Qxd4 23. cxd4 Bb5 $17) 22... Bc6 23. Bb3+ Kh8 24. d5 Bb5 25. Bc4 Bxc4 26. Qxc4 Rd8 27. Re6 Qg5 {Strongly threatening ...Nf4!} 28. f4 (28. Qe4 $1 $14 Qxd5 29. Rxe7 Nxe7 30. Qxe7) 28... Qf5 $1 29. Qc7 Qxd5 {Hoping for ...Rd7.} 30. Rxe7 Nxe7 31. Qxe7 {[%mdl 4096] Endgame KQR-KQR} Rc8 32. Qe5 Qd2 (32... Qxa2 $11 33. f5 Qb3) 33. f5 (33. h3 $16) 33... Rc2 {[%csl Gc2][%cal Rd2g2]} 34. Qe8+ {[#]} Kh7 $1 {[%csl Gc2][%cal Rd2g2][%mdl 512]} 35. Qg6+ Kh8 {Threatens to win with ...Qe3+.} 36. Qe8+ {[#]} Kh7 $1 {[%csl Gc2][%cal Rd2g2][%mdl 512]} 37. Qg6+ Kh8 38. h3 $40 {[%mdl 128] White is up to no good.} Qd4+ 39. Kh1 {f6 is the strong threat.} Qe4 (39... Qd3 $11 40. Re1 Re2 41. Rxe2 Qxe2) 40. Rd1 Rd2 {[%mdl 64] Decoy} 41. Rxd2 {Threatening mate with Rd8+.} Qe1+ 42. Kh2 {White wants to mate with Rd8+.} Qxd2 $16 {KQ-KQ} 43. Qe8+ Kh7 44. Qe5 Qf2 45. a4 b6 46. Qe4 {aiming for f6+.} Kh8 47. b4 {[%cal Bb2b4,Bb4b5][%mdl 32]} Qd2 48. Kg3 Qg5+ 49. Kf3 Qd2 50. b5 Qc3+ 51. Kf4 Qf6 $2 {[%mdl 8192] [#] Black cannot hold the game after this.} (51... Qc7+ $16 52. Kg4 Qd8) 52. Qe8+ $1 {White mates.} Kh7 {[#]} 53. Qg6+ $1 {[%mdl 512]} Qxg6 54. fxg6+ Kxg6 {KP-KP} 55. Ke5 Kg5 56. Kd6 Kh4 57. Kc7 Kg3 58. Kb7 Kxg2 59. Kxa7 Kxh3 60. a5 {Accuracy: White = 89%, Black = 76%.} (60. Kxb6 g5 $18) 1-0

[Event "SVK Extraliga 2019-20"]
[Site "Slovakia"]
[Date "2020.09.04"]
[Round "9"]
[White "Plat, Vojtech"]
[Black "Saric, Ivan"]
[Result "1/2-1/2"]
[WhiteElo "2566"]
[BlackElo "2646"]
[Annotator "TA"]
[PlyCount "79"]
[EventDate "2019.10.19"]
[EventType "team-tourn"]
[EventCountry "SVK"]
[SourceTitle "playchess.com"]
[Source "ChessBase"]
[SourceQuality "1"]
[WhiteTeam "Modra"]
[BlackTeam "Modra"]

{[%evp 11,79,0,0,-27,4,15,8,-10,-11,-37,-30,-27,-10,-60,0,0,0,0,0,0,0,0,0,0,0,-133,-17,-17,-17,-14,8,2,16,0,0,0,0,-18,0,0,0,0,0,0,0,0,0,0,3,0,8,0,11,0,25,23,23,26,18,4,8,0,0,0,0,0,0,0,0,0]} 1. d4 Nf6 2. Nf3 g6 3. e3 Bg7 4. c4 c5 5. Nc3 cxd4 6. exd4 d5 7. Qa4+ {B14: Caro-Kann: Panov-Botvinnik Attack with 5...e6 and 5...g6.} Nbd7 8. c5 O-O 9. Bf4 {[#]} Ne4 $146 ({Predecessor:} 9... Nh5 10. Bg5 h6 11. Be3 e5 12. dxe5 Nxe5 13. Nxe5 Bxe5 14. Rd1 Be6 15. Be2 Ng7 16. Bxh6 {0-1 (27) Shkalov,O (2225)-Spizharny,M (1923) Orsha 2019}) 10. Rc1 e5 {[#] Hoping for ...Nxc3.} 11. Nxe4 exf4 12. Nc3 g5 ({Black should try} 12... Re8+ $15 13. Kd1 Nf6) 13. h3 $1 $11 Re8+ 14. Be2 Nb8 15. O-O Nc6 16. Rcd1 h5 17. Ne5 $1 {[%cal Re5c6]} g4 18. Rfe1 (18. Nxc6 bxc6 19. Qxc6 Rb8) (18. Nxd5 $11 {keeps the balance.} f3 19. Bc4 fxg2 20. Rfe1) 18... Bd7 (18... Qh4 $17 19. Bf1 (19. Nxc6 gxh3 20. Bf3 Bd7 $17 {[%mdl 64] Pin}) 19... Be6 20. Nxc6 bxc6) 19. Qb3 $1 Nxe5 20. dxe5 Rxe5 {[#] aiming for ...Bc6.} 21. Rxd5 Rxd5 22. Qxd5 {Threatens to win with Rd1.} Be6 23. Qxh5 Qd2 24. Kf1 f3 25. gxf3 gxh3 26. Ne4 Qh6 (26... Qf4 {with more complications.} 27. Bd3 Qh6 28. Qxh6 Bxh6 29. b3 Rd8) 27. Qxh6 Bxh6 28. b3 Kh8 29. Kg1 Bf4 30. Kh1 Rg8 31. Rg1 Rxg1+ 32. Kxg1 {[%mdl 4096] Endgame KBB-KBN} Bd5 33. Ng3 Be5 34. Nf5 Be6 35. Nd6 {The position is equal.} b6 36. Bc4 {Bxe6 is the strong threat.} bxc5 37. Ne4 Bf5 38. Nxc5 Kg7 39. b4 Bd6 40. Bd3 {Accuracy: White = 87%, Black = 86%.} 1/2-1/2

[Event "SVK Extraliga 2019-20"]
[Site "Slovakia"]
[Date "2020.09.04"]
[Round "9"]
[White "Zilka, Stepan"]
[Black "Hausner, Ivan"]
[Result "1-0"]
[WhiteElo "2564"]
[BlackElo "2337"]
[Annotator "TA"]
[PlyCount "65"]
[EventDate "2019.10.19"]
[EventType "team-tourn"]
[EventCountry "SVK"]
[SourceTitle "playchess.com"]
[Source "ChessBase"]
[SourceQuality "1"]
[WhiteTeam "Prakovce"]
[BlackTeam "Liptovska"]

{[%evp 9,65,15,49,12,41,36,32,14,39,25,35,27,36,0,62,54,39,45,34,12,20,15,41,27,66,13,125,116,93,93,191,185,297,240,320,319,309,304,312,274,291,293,291,286,291,285,275,287,269,277,248,270,251,262,365,362,361,360]} 1. d4 e6 2. e4 d5 3. Nc3 Be7 4. e5 b6 5. Qg4 g6 6. Qd1 {C10: French with 3 Nc3: Unusual Black 3rd moves and 3...dxe4.} (6. h4 {is interesting.} h5 7. Qg3 c5 8. Nb5 Nc6 9. Bg5) 6... Ba6 {[#]} 7. Bxa6 $146 ({Predecessor:} 7. Nce2 c5 8. c3 Qd7 9. Nf3 Nc6 10. g3 Rc8 11. Bg2 Bxe2 12. Qxe2 cxd4 13. Nxd4 Nxd4 14. cxd4 {1-0 (36) Rodriguez Fernandez,C (1988)-Garcia Van Isschot,C (1641) Las Palmas 2016}) 7... Nxa6 8. Be3 {White is slightly better.} Nb4 9. a3 Nc6 10. Nf3 Na5 11. b3 Qd7 (11... h5 $11) 12. O-O $14 h5 13. Qd2 $36 {[%mdl 2048] White fights for an advantage.} Kf8 14. h3 Kg7 15. Ne2 Nh6 16. Bg5 Bxg5 17. Nxg5 (17. Qxg5 $14 Qd8 18. Qf4) 17... Nf5 (17... Qe7 $11 {keeps the balance.}) 18. g4 $16 hxg4 19. hxg4 Nh6 (19... Nh4 $16 {keeps fighting.}) 20. f3 $18 Raf8 {[#]} (20... c5 $142 21. Kg2 Nc6) 21. Kg2 $1 ({Weaker is} 21. Qf4 f6 $11) 21... f6 22. exf6+ Rxf6 23. Rh1 Nc6 24. Qe3 Nd8 25. Rh3 {Threatens to win with Rah1.} Ndf7 {With the idea ...Nxg5.} 26. Rah1 {Strongly threatening Nxf7.} Nxg5 27. Qxg5 {[%cal Rh3h6]} Nf7 {[#]} 28. Rh7+ $1 {[%mdl 64] Deflection} Rxh7 29. Rxh7+ Kxh7 30. Qxf6 {And now Nf4 would win.} g5 31. Ng3 Kg8 32. Nh5 {[%csl Gh5][%cal Rf6g7]} Kf8 33. Ng7 {Accuracy: White = 86%, Black = 53%.} 1-0